Jeux vidéo en image - S - Statistiques

Statistiques générales
  • Ce quiz a été pris 137 fois
    69 depuis la dernière actualisation
  • Le résultat moyen est 11 sur 20
Statistiques - réponses
Par images Réponse % Correct
Sonic Frontiers
100%
Super Smash Bros. Ultimate
90%
Splatoon 2
87%
Spyro the Dragon
81%
Sea of Thieves
77%
Subnautica - Below Zero
74%
Stray
66%
Stardew Valley
65%
Sekiro: Shadows Die Twice
61%
Street Fighter 6
60%
Slime Rancher
55%
Sniper Elite 5
52%
SIFU
42%
Saints Row The Third Remastered
37%
Spore
34%
Starcraft 2
31%
Satisfactory
26%
Schedule I
24%
Sunset Overdrive
8%
Signalis
3%
Aucun quiz correspondant
Distribution des résultats
% des personnes avec chaque résultat
Percentile par nombre de réponses
Votre historique - résultats
Vous n’avez pas pris ce quiz depuis la dernière actualisation